000
00339pam a2200157a 44500
008
230515b1997 xxu||||| |||| 00| 0 eng d
020
_a
NULL
041
_a
ENGLISH
082
_a
630
100
_a
JOSHI P B
245
_a
ELEMENTS OF MECHANICAL ENGINEERING
250
_a
0
260
_a
N
_b
N/A
_c
1997
300
_a
58
650
_a
NULL
999
_c
651200
_d
651200